00359nam a2200133Ia 4500008004100000020001500041041001200056082001600068100001800084245006800102260003900170300000800209650000800217221030s9999 xx 000 0 und d a8178083329 aEnglish a105.23bKol aH. Kolimbiris 0aDigital Communications Systems with Satellitecby H. Kolimbiris bPearson EducationaNew Delhic2001 a466 aECE